Statistiques concernant Départements français traversés par le méridien de Paris

Cliquez ici pour prendre le quiz!

Statistiques générales

  • Ce quiz a été pris 161 fois
  • Le résultat moyen est 17 sur 20

Statistiques - réponses

Communes traverséesDépartement% Correct
24Loiret
93%
11Nord
93%
1Paris
92%
31Pas-de-Calais
92%
26Oise
88%
24Somme
88%
28Cher
87%
14Val d'Oise
86%
20Essonne
83%
30Aude
82%
21Creuse
82%
7Val-de-Marne
82%
5Seine-Saint-Denis
81%
17Aveyron
78%
23Cantal
78%
1Hauts-de-Seine
78%
11Corrèze
75%
6Allier
74%
25Tarn
73%
11Pyrénées Orientales
72%

Distribution des résultats

Percentile par nombre de réponses

% des personnes avec chaque résultat

Votre développement - résultats

Vous n’avez pas pris ce quiz